| 000 | 00515nam a2200181 a 4500 | ||
|---|---|---|---|
| 001 | 000038056 | ||
| 005 | 20201002031150.0 | ||
| 008 | 130312s1985 mx 000 0 spa d | ||
| 020 | _a9688471313 | ||
| 100 | 1 |
_aRemarque, Erich M. _964452 |
|
| 240 | 1 | 0 |
_aIm Westen nichts Neues. _lespañol |
| 245 | 1 | 0 |
_aSin novedad en el frente / _cErich M. Remarque. |
| 260 |
_aMéxico : _bPlaneta, _c1985. |
||
| 300 |
_a222 p. ; _c22 cm. |
||
| 490 |
_aBest Sellers _v22 |
||
| 830 | 0 |
_aBest Sellers _n22 _964453 |
|
| 999 |
_c37546 _d37546 |
||
| 040 | _aDO-SdBNP | ||